| 000 | 01372nac a22003371u 4500 | ||
|---|---|---|---|
| 999 |
_c9752 _d9752 |
||
| 003 | EG-ScBUE | ||
| 005 | 20200311121534.0 | ||
| 008 | 200219t2003 su a f b 001 0 eng d | ||
| 020 | _a9960245357 | ||
| 040 |
_aEG-ScBUE _beng _erda _cEG-ScBUE _dEG-ScBUE |
||
| 043 | _af-ua--- | ||
| 082 | 0 | 4 |
_a581.760962 _bZAH _222 |
| 100 |
_aZahran, M. A., _eauthor |
||
| 245 | 1 | 0 |
_aPlant life in The River Nile in Egypt / _cBy Zahran, M.A., emeritus professor of plant, ecology, Dept. of Botany, Faculty of Science, Mansoura University, Mansoura, Egypt, Willis, A. J., emeritus professor of plant, ecology, Dept. of Animal & Plant Sciences, The University of Sheffield, Sheffield, UK. |
| 264 | 1 |
_aRiyadh : _bMars Publishing House, _c[2003] |
|
| 264 | 4 | _cc2003 | |
| 300 |
_aviii, 531 pages : _billustrations (some color) ; _c22 cm |
||
| 336 |
_2rdacontent _atext _btxt |
||
| 337 |
_2rdamedia _aunmediated _bn |
||
| 338 |
_2rdacarrier _avolume _bnc |
||
| 504 | _aIncludes bibliographical references and index. | ||
| 650 | 7 |
_aFreshwater plants _zEgypt. _2BUEsh |
|
| 650 | 7 |
_aAquatic plants _zEgypt. _2BUEsh |
|
| 650 | 7 |
_aFreshwater ecology _zEgypt. _2BUEsh |
|
| 651 | _2BUEsh | ||
| 653 |
_bGGEN _cMarch2020 |
||
| 655 |
_vReading book _934232 |
||
| 700 | 1 |
_aWillis, A. J. _q(Arthur John), _d1922-2006, _eauthor. |
|
| 942 |
_cBB _k551.48309MAZ _2ddc |
||